000 00546nam a2200229Ia 4500
003 OSt
005 20220924133741.0
006 a|||||r|||| 00| 0
007 ta
008 220923b |||||||| |||| 00| 0 snd d
024 _a268627
037 _cTextual
040 _aARTS
_cARTS
_bsnd
041 _2snd
_asnd
082 _aDelta, 1593F4
100 _aSahani
_9207261
245 0 _aGokali ji hayati
260 _c1924
300 _a252p.
_ccm.
942 _hDelta, 1593F4
_cTEXL
_2CC
999 _c435061
_d435061